00836nam a2200253 450000100060000000300080000600500170001400800410003102000150007203500190008704000180010604100080012408200220013210000380015424500420019225000290023426000460026330000350030950400370034465000310038194200120041299900170042495201410044172927BD-RjUL20211209082327.0170525s1992 nyua b 001 0 eng d a0070099340 a(BD-RjUL)73145 aDLCcDLCbeng aeng a547223bCAO 19921 aCarey, Francis A.,d1937-921571110aOrganic chemistry /cFrancis A. Carey a2nd ed. International ed aNew York ;aLondon :bMcGraw-Hill,cc1992 axxx, 1274 p. :bill. ;c26 cm. aIncludes Bibliography and index 0aChemistry, Organic9215712 2ddccBK c72927d72927 00102ddc40718NFICaRUCLbRUCLcReadingd1994-04-14ePublisher ltd.g22.95l0o547 CAO 1992r2017-05-25 00:00:00tC-1w2017-05-25yBK